| 000 | 00603nam a2200193 a 4500 | ||
|---|---|---|---|
| 001 | 000018143 | ||
| 005 | 20200929165355.0 | ||
| 008 | 100319s19uu dr 000 0 spa d | ||
| 040 |
_aDO-SdBNP _bspa _cBNPHU |
||
| 082 |
_a468.1 _bZ88m |
||
| 100 | 1 |
_aZorrilla, Mercedes _936378 |
|
| 245 | 1 | 0 |
_aManual de ortografía : _bteoría y práctica / _cMercedes Zorrilla. |
| 260 |
_a[Santo Domingo?] : _b[s.n.], _c[19--]. |
||
| 300 |
_a51 p. ; _c22 cm. |
||
| 504 | _aBibliografía : p. 51 | ||
| 590 | _aInventariado, 2018/LP | ||
| 650 | 4 |
_aEspañol _xOrtografía _91453 |
|
| 910 | _aValidado. Control de calidad MFF | ||
| 999 |
_c17664 _d17664 |
||